[Event "CZE-ch U12 2020"]
[Site "Kouty nad Desnou"]
[Date "2020.03.12"]
[Round "7.10"]
[White "Kubin, Tomas Daniel"]
[Black "Tesar, Jakub"]
[Result "1-0"]
[WhiteElo "1484"]
[BlackElo "1446"]
[Annotator "NA"]
[PlyCount "83"]
[EventDate "2020.03.07"]
[EventCountry "CZE"]
[SourceTitle "playchess.com"]
[Source "ChessBase"]
[SourceQuality "1"]
[TimeControl "5400+30"]

1. e4 {[%emt 0:00:00]} c5 {[%emt 0:00:00]} 2. Nf3 {[%emt 0:00:00]} d6 {[%emt 0:00:00]} 3. d4 {[%emt 0:00:00]} cxd4 {[%emt 0:00:00]} 4. Nxd4 {[%emt 0:00:03]} Nf6 {[%emt 0:00:00]} 5. Nc3 {[%emt 0:00:16]} g6 {[%emt 0:00:04]} 6. Be3 {[%emt 0:00:18]} Bg7 {[%emt 0:00:08]} 7. f3 {[%emt 0:00:08]} O-O {[%emt 0:00:15]} 8. Qd2 {[%emt 0:00:18]} Nc6 {[%emt 0:00:10]} 9. O-O-O {[%emt 0:00:18]} d5 {[%emt 0:00:11]} 10. exd5 {[%emt 0:01:25]} Nxd5 11. Nxc6 {[%emt 0:00:22]} bxc6 {[%emt 0:00:16]} 12. Nxd5 {[%emt 0:00:12]} cxd5 {[%emt 0:00:08]} 13. Qxd5 {[%emt 0:00:09]} Qc7 {[%emt 0:00:08]} 14. Qc5 {[%emt 0:00:10]} Qb7 {[%emt 0:00:07]} 15. b3 {[%emt 0:09:28]} Bf5 {[%emt 0:00:38]} 16. Bd3 {[%emt 0:03:40]} Rac8 17. Qa5 {[%emt 0:12:42]} Qc6 {[%emt 0:18:32]} 18. Bxf5 {[%emt 0:34:42]} gxf5 {[%emt 0:00:04]} 19. Qd2 {[%emt 0:02:32]} Qa6 {[%emt 0:01:33]} 20. Bd4 {[%emt 0:06:18]} Bxd4 {[%emt 0:13:18]} 21. Qxd4 {[%emt 0:00:08]} Qxa2 {[%emt 0:00:07]} 22. Qb2 {[%emt 0:00:34]} Qxb2+ {[%emt 0:00:48]} 23. Kxb2 {[%emt 0:00:04]} Rc7 {[%emt 0:00:17]} 24. Rd2 {[%emt 0:00:29]} Rfc8 {[%emt 0:00:34]} 25. Rhd1 {[%emt 0:00:04]} Kg7 {[%emt 0:00:39]} 26. c4 {[%emt 0:01:00]} Rb8 {[%emt 0:01:14]} 27. Rc1 {[%emt 0:02:23]} Rcb7 {[%emt 0:01:27]} 28. Rc3 {[%emt 0:01:48]} e6 {[%emt 0:01:51]} 29. c5 {[%emt 0:04:25]} Rc8 {[%emt 0:04:02]} 30. c6 {[%emt 0:03:21]} Rbc7 {[%emt 0:00:19]} 31. Rd7 {[%emt 0:00:52]} Kf8 {[%emt 0:01:17]} 32. Rxc7 {[%emt 0:05:43]} Rxc7 {[%emt 0:00:11]} 33. b4 {[%emt 0:01:13]} a6 {[%emt 0:00:53]} 34. Ka3 {[%emt 0:00:14]} e5 {[%emt 0:07:28]} 35. Ka4 {[%emt 0:01:11]} e4 {[%emt 0:00:28]} 36. b5 {[%emt 0:00:52]} axb5+ {[%emt 0:00:43]} 37. Kxb5 {[%emt 0:00:04]} Ke8 {[%emt 0:00:43]} 38. Kb6 {[%emt 0:00:46]} Kd8 {[%emt 0:00:06]} 39. fxe4 {[%emt 0:00:29]} fxe4 {[%emt 0:00:12]} 40. Rg3 {[%emt 0:00:27]} Re7 {[%emt 0:02:53]} 41. Rg8+ {[%emt 0:00:22]} Re8 {[%emt 0:00:10]} 42. c7+ {[%emt 0:00:24]} 1-0

[Event "CZE-ch U12 2020"]
[Site "Kouty nad Desnou"]
[Date "2020.03.12"]
[Round "7.11"]
[White "Matus, Jakub"]
[Black "Setina, Vaclav"]
[Result "0-1"]
[WhiteElo "1240"]
[BlackElo "1507"]
[Annotator "NA RC"]
[PlyCount "84"]
[EventDate "2020.03.07"]
[EventCountry "CZE"]
[SourceTitle "playchess.com"]
[Source "ChessBase"]
[SourceQuality "1"]
[TimeControl "5400+30"]

1. e4 {[%emt 0:00:00]} c5 {[%emt 0:00:00]} 2. Nf3 {[%emt 0:00:00]} Nc6 {[%emt 0:00:00]} 3. d4 {[%emt 0:00:00]} cxd4 {[%emt 0:00:00]} 4. Nxd4 {[%emt 0:00:00]} Nf6 {[%emt 0:00:00]} 5. Nc3 {[%emt 0:01:11]} g6 {[%emt 0:00:03]} 6. Be3 {[%emt 0:01:21]} Bg7 {[%emt 0:00:10]} 7. Be2 {[%emt 0:01:50]} O-O {[%emt 0:00:09]} 8. O-O {[%emt 0:01:54]} d5 {[%emt 0:00:11]} 9. exd5 {[%emt 0:03:48]} Nxd5 {[%emt 0:00:17]} 10. Nxc6 {[%emt 0:04:57]} bxc6 {[%emt 0:00:10]} 11. Nxd5 {[%emt 0:01:05]} cxd5 {[%emt 0:00:27]} 12. c3 {[%emt 0:02:09]} e5 {[%emt 0:02:45]} 13. Qc2 {[%emt 0:03:06]} Qc7 {[%emt 0:06:43]} 14. Rac1 {[%emt 0:03:13]} Bb7 {[%emt 0:02:37]} 15. Rfd1 {[%emt 0:03:40]} Rfd8 {[%emt 0:03:02]} 16. Qa4 {[%emt 0:02:56]} Bc6 {[%emt 0:03:29]} 17. Qh4 {[%emt 0:03:10]} Rab8 {[%emt 0:03:41]} 18. Rd2 {[%emt 0:04:22]} Ba8 {[%emt 0:01:50]} 19. Bf3 {[%emt 0:06:01]} f5 {[%emt 0:12:35]} 20. Qa4 {[%emt 0:05:55]} Rd7 {[%emt 0:09:57]} 21. Rdc2 {[%emt 0:08:36]} f4 {[%emt 0:14:51]} 22. Bd2 {[%emt 0:00:54]} Bc6 {[%emt 0:03:28]} 23. Qa3 {[%emt 0:03:49]} Bb5 {[%emt 0:04:08]} 24. b3 {[%emt 0:05:03]} Bf8 {[%emt 0:01:02]} 25. b4 {[%emt 0:01:19]} Rb6 {[%emt 0:05:11]} 26. Re1 {[%emt 0:03:18]} Bc4 {[%emt 0:07:39]} 27. Qc1 {[%emt 0:06:07]} Ra6 {[%emt 0:02:05]} 28. Be2 {[%emt 0:03:21]} Bg7 {[%emt 0:02:24]} 29. a3 {[%emt 0:03:47]} Bxe2 {[%emt 0:04:13]} 30. Rxe2 {[%emt 0:00:07]} Qc4 {[%emt 0:00:22]} 31. Be1 {[%emt 0:04:37]} g5 {[%emt 0:00:33]} 32. Ra2 {[%emt 0:04:07]} d4 {[%emt 0:02:03]} 33. Rec2 {[%emt 0:01:33]} d3 {[%emt 0:00:10]} 34. Rcb2 {[%emt 0:03:12]} e4 {[%emt 0:02:35]} 35. a4 {[%emt 0:04:19]} Rc7 {[%emt 0:05:18]} 36. Ra3 {[%emt 0:01:01]} Bf8 {[%emt 0:01:26]} 37. Qd2 Re6 {[%emt 0:01:39]} 38. Qd1 {[%emt 0:02:36]} e3 {[%emt 0:01:01]} 39. fxe3 {[%emt 0:00:08]} fxe3 {[%emt 0:00:05]} 40. Bg3 {[%emt 0:00:50]} Rf7 {[%emt 0:00:44]} 41. Rb1 {[%emt 0:00:32]} d2 {[%emt 0:00:33]} 42. h3 {[%emt 0:00:34]} Qd3 0-1

[Event "CZE-ch U12 2020"]
[Site "Kouty nad Desnou"]
[Date "2020.03.12"]
[Round "7.12"]
[White "Babula, Matej"]
[Black "Matusik, Ondrej"]
[Result "1-0"]
[WhiteElo "1353"]
[BlackElo "1482"]
[Annotator "NA"]
[PlyCount "91"]
[EventDate "2020.03.07"]
[EventCountry "CZE"]
[SourceTitle "playchess.com"]
[Source "ChessBase"]
[SourceQuality "1"]
[TimeControl "5400+30"]

1. e4 {[%emt 0:00:00]} e6 {[%emt 0:00:00]} 2. d4 {[%emt 0:00:00]} d5 {[%emt 0:00:00]} 3. exd5 {[%emt 0:00:00]} exd5 {[%emt 0:00:00]} 4. Bd3 {[%emt 0:00:00]} c5 {[%emt 0:00:20]} 5. dxc5 {[%emt 0:05:21]} Bxc5 {[%emt 0:00:48]} 6. Nf3 {[%emt 0:00:57]} Nf6 {[%emt 0:03:12]} 7. c3 {[%emt 0:03:04]} O-O {[%emt 0:02:36]} 8. O-O {[%emt 0:00:49]} Bg4 {[%emt 0:08:52]} 9. Bf4 {[%emt 0:02:59]} Nbd7 {[%emt 0:12:15]} 10. Nbd2 {[%emt 0:03:25]} Re8 {[%emt 0:05:29]} 11. Nb3 {[%emt 0:02:23]} Bb6 {[%emt 0:01:42]} 12. Be2 {[%emt 0:04:26]} Re4 {[%emt 0:06:59]} 13. Bg3 {[%emt 0:02:32]} Bc7 {[%emt 0:07:25]} 14. Bxc7 {[%emt 0:03:11]} Qxc7 {[%emt 0:00:21]} 15. h3 {[%emt 0:04:15]} Bh5 {[%emt 0:05:16]} 16. Nfd4 {[%emt 0:04:22]} Bxe2 {[%emt 0:02:36]} 17. Nxe2 {[%emt 0:00:19]} Rae8 {[%emt 0:01:29]} 18. Ng3 {[%emt 0:01:54]} R4e6 {[%emt 0:03:47]} 19. Nd4 {[%emt 0:02:27]} Rb6 {[%emt 0:02:19]} 20. Qc2 {[%emt 0:05:29]} Ne5 {[%emt 0:09:03]} 21. Rfe1 {[%emt 0:03:16]} Nc6 {[%emt 0:01:24]} 22. Rxe8+ {[%emt 0:02:13]} Nxe8 {[%emt 0:00:08]} 23. Re1 {[%emt 0:00:58]} Nf6 {[%emt 0:03:24]} 24. Ndf5 {[%emt 0:02:20]} Kf8 {[%emt 0:05:03]} 25. Qe2 {[%emt 0:01:46]} Qd8 {[%emt 0:03:19]} 26. Nh5 {[%emt 0:13:09]} Nxh5 {[%emt 0:03:12]} 27. Qxh5 {[%emt 0:00:05]} Kg8 {[%emt 0:00:14]} 28. Qg4 {[%emt 0:03:50]} g6 {[%emt 0:02:54]} 29. Re2 {[%emt 0:02:37]} Kf8 {[%emt 0:02:47]} 30. Nd4 {[%emt 0:04:12]} Nxd4 {[%emt 0:02:02]} 31. Qxd4 {[%emt 0:00:06]} Kg8 {[%emt 0:01:21]} 32. c4 {[%emt 0:03:40]} Re6 {[%emt 0:03:04]} 33. Rxe6 {[%emt 0:00:58]} fxe6 {[%emt 0:00:05]} 34. cxd5 {[%emt 0:01:20]} exd5 {[%emt 0:01:09]} 35. Qxa7 {[%emt 0:01:33]} Qc7 {[%emt 0:00:56]} 36. Qe3 {[%emt 0:00:50]} Qc4 {[%emt 0:01:00]} 37. Qe8+ {[%emt 0:00:36]} Kg7 {[%emt 0:00:21]} 38. Qe7+ {[%emt 0:00:41]} Kg8 {[%emt 0:00:20]} 39. Qxb7 {[%emt 0:00:23]} d4 {[%emt 0:01:34]} 40. Qb3 {[%emt 0:00:28]} Qxb3 {[%emt 0:00:28]} 41. axb3 {[%emt 0:00:05]} Kf7 {[%emt 0:00:16]} 42. Kf1 {[%emt 0:00:04]} Ke6 {[%emt 0:00:06]} 43. Ke2 {[%emt 0:00:03]} Kd5 {[%emt 0:00:18]} 44. Kd3 {[%emt 0:00:03]} Kc5 {[%emt 0:00:41]} 45. f4 {[%emt 0:00:09]} Kd5 {[%emt 0:00:09]} 46. b4 {[%emt 0:00:12]} 1-0